000 00397 a2200157 4500
001 71399
020 _a8598553069
040 _cAnchieta - Colégio São Paulo
100 _aCedraz, Antônio
240 1 0 _aLendas e mistérios da Turma do Xaxado
_lpor
245 1 0 _aLendas e mistérios da Turma do Xaxado
300 _a47
362 0 _a2005
650 4 _aLiteratura infanto-juvenil
942 _cBK
999 _c71399
_d71399